Semiótica médica. (Registro nro. 2597)

Detalles MARC
000 -LEADER
fixed length control field 00916nam a2200265 a 4500
008 - CAMPO DE CONTROL (LIBRO)
fixed length control field 171214e2007 ag ||||| |||| 00| 0 spa d
020 ## - INTERNATIONAL STANDARD BOOK NUMBER
ISBN 9789872402907
041 ## - CODIGO DE IDIOMA
Código de idioma del texto/pista de sonido o título separado spa
092 ## - SIGNATURA TOPOGRAFICA DEWEY LOCAL
número de clasificación 401.41
libristica 54
sección MUS
100 1# - ENTRADA PRINCIPAL--NOMBRE PERSONAL
Nombre personal Musso, Carlos Guido
9 (RLIN) 3427
245 ## - TITULO PROPIAMENTE DICHO
Título Semiótica médica.
Subtítulo y Título paralelo Principios lingüísticos y comunicacionales de uso médico /
Mención de responsabilidad y remanente de la transcripción de la portada Carlos Guido Musso
250 ## - MENCION DE EDICION
Mención de edición 1a ed.
260 ## - PIE DE IMPRENTA
Lugar de publicación, distribución, etc Buenos Aires:
Nombre de la editorial, distribuidor, etc delhospital ediciones;
Fecha de publicación 2007.
300 ## - DESCRIPCION FISICA
Extension 75 p.
500 ## - NOTA GENERAL
Nota general Musso, C. G. y Enz, P. A. (2007). Semiótica médica. Principios lingüísticos y comunicaciones de uso médico. (1a ed.). Buenos Aires : delhospital ediciones.
590 ## - NOTAS LOCALES (RLIN)
Nota local DONACION Del Hospital ediciones diciembre 2017
653 ## - TÉRMINO INDIZADO - PALABRAS CLAVES
Palabra clave Semiotica
653 ## - TÉRMINO INDIZADO - PALABRAS CLAVES
Palabra clave Medicina
653 ## - TÉRMINO INDIZADO - PALABRAS CLAVES
Palabra clave Semiologia
653 ## - TÉRMINO INDIZADO - PALABRAS CLAVES
Palabra clave Lenguaje
653 ## - TÉRMINO INDIZADO - PALABRAS CLAVES
Palabra clave Oratoria
653 ## - TÉRMINO INDIZADO - PALABRAS CLAVES
Palabra clave Comunicacion
700 1# - ENTRADAS SECUNDARIAS - NOMBRE PERSONAL
Nombre personal Enz, Paula Andrea
9 (RLIN) 3428
942 ## - ADDED ENTRY ELEMENTS (KOHA)
Source of classification or shelving scheme Dewey Decimal Classification
Item type Libros
Existencias
Estado de retiro Existencia Fuente de clasificación Estado general No para prestamo Colección Ubicación permanente ubicación actual Sala de ubicación Fecha de adquisición Fuente de adquisición Total Checkouts Número de clasificación Código de barras Date last seen Número de ejemplar Price effective from Koha tipo de elemento (item) Public note Total Renewals Date last borrowed
    Dewey Decimal Classification     Reference Biblioteca Medicina Biblioteca Medicina Referencia 14/12/2017 Donacion   401.41;54;MUS 4071 14/12/2017 Ej. 1 14/12/2017 Reference Donacion Edicional Del Hospital. Hospital Italiano Dic/2017    
    Dewey Decimal Classification     Non-fiction Biblioteca Medicina Biblioteca Medicina Circulación 14/12/2017 Donacion 1 401.41;54;MUS 4072 21/02/2018 Ej. 2 14/12/2017 Libros Donacion Edicional Del Hospital. Hospital Italiano Dic/2017 1 21/12/2017
    Dewey Decimal Classification     Non-fiction Biblioteca Medicina Biblioteca Medicina Circulación 14/12/2017 Donacion   401.41;54;MUS 4073 14/12/2017 Ej. 3 14/12/2017 Libros Donacion Edicional Del Hospital. Hospital Italiano Dic/2017    

UNIVERSIDAD NACIONAL DEL COMAHUE
Biblioteca de la Facultad de Ciencias Médicas
Sede Toschi: Los Arrayanes y Av. Toschi, Cipolletti  - Rio Negro
Sede Los Tordos:  Yrigoyen al 2211, Cipolletti - Rio Negro 

Teléfono: 0299 - 4774707 int 25
Contacto: biblioteca@facimed.uncoma.edu.ar
© 2011 - 2026